Регионална библиотека "Любен Каравелов" - Русе

Theorie du Code penal (Запис номер 390827)

MARC детайли
000 -Лидер
Контролно поле с фиксирана дължина nam a22 a 4500
003 - Код на организацията, давaща контролен номер
Контролно поле BLK
005 - Дата и час на последна редакция
Контролно поле 20221208031024.0
008 - Елементи от данни с фиксирана дължина
fixed length control field 180412b bul|||||r ||||||| ||bul||
010 ## - Наследен системен номер
LC control number KNG00008312000
040 ## - Източник на каталожния запис
Идентификатор на билиотеката - собственик на записа BLK
041 ## - Код за език
Код за езика на текст/звукозапис или на отделно заглавие Френски
Код за езика КДБФ Френски
080 ## - УДК
Текстов определител УДК Наказателно право. Наказателен процес. Учение за престъплението. Криминология. Вж и 341.4 ; 344 ; 348
УДК код - определител по УДК 343
УДК - код + определител 343
100 ## - Редна дума - Автор
R(LIN) 1299
Автор Adolphe, Chauveau
Авторска отговорност първи автор
139 ## - Редно поле
Редна дума Adolphe, Chauveau et al.
245 10 - Сведения за заглавието
Заглавие Theorie du Code penal
Редно поле (дума) Chauveau Adolphe, Faustin Helie; ed. annotee et mise au courant de la legislation et de la jurisprudence par Edmond Villey.
Подзаглавни данни T. I-VI
Том T. II
250 ## - Област на изданието
Сведения за изданието 6. Ed.
257 ## - Страна на издаване
Страна на създаване/издаване Франция
260 ## - Област на издателските данни
Място на издаване, разпространение и проч. Paris
Име на издателя, разпространителя и проч. Marchal et Billard
Година на издаване 1887
9 (RLIN) 435752
300 ## - Физическа характеристика
Размери/Мащаб 22 см
380 ## - Жанр
Жанр Обществени науки
490 ## - СЕРИИ (Колекции)
9 (RLIN) 435080
Име на серия Колекция Редки и ценни издания
650 #7 - Допълнително описание по предмет – тема
Основно описание – тема или топоним Наказателно право - теория
9 (RLIN) 163207
653 ## - Ключова дума – ненормативна
Ключова дума наказателно право
653 ## - Ключова дума – ненормативна
Ключова дума наказателно-процесуално право
700 ## - Други автори (авторска отговорност)
Лично име Helie, Faustin
Автороска отговорност (Описва отношението между автора и произведението) съавт.
9 (RLIN) 1445
700 ## - Други автори (авторска отговорност)
Лично име Villey, Edmond
Автороска отговорност (Описва отношението между автора и произведението) red.
9 (RLIN) 217
760 ## - Описание на основната серия
Страници - том 677 c.
Част - том T. II
852 ## - Местоположение
Форматна сигнатура Рф 887
Фондова буква Редки и ценни
856 4# - Електронен адрес и достъп
Електронен формат pdf - файл
Път до файла /url/
856 4# - Електронен адрес и достъп
Електронен формат pdf - файл
Път до файла /url/
999 ## - СИСТЕМНИ КОНТРОЛНИ НОМЕРА
Koha biblionumber 390827
Koha biblioitemnumber 390827
942 ## - АРТИКУЛИ
Вид на библиотечния материал Книги
Скрит в OPAC Не
Периодичен библиозапис Да
944 ## - СЪЗДАВАНЕ И РЕДАКЦИЯ на ЗАПИСА
Създаване/Редакция Създаване
Дата на регистрацията/редакция 2020-10-29
Служител, извършил регистрацията/редакцията ВК
944 ## - СЪЗДАВАНЕ И РЕДАКЦИЯ на ЗАПИСА
Създаване/Редакция Редакция
Дата на регистрацията/редакция 13.06.2005
999 ## - СИСТЕМНИ КОНТРОЛНИ НОМЕРА
Koha biblioitemnumber 390825
999 ## - СИСТЕМНИ КОНТРОЛНИ НОМЕРА
Koha biblioitemnumber 390825
999 ## - СИСТЕМНИ КОНТРОЛНИ НОМЕРА
Koha biblioitemnumber 7048
Наличности
Код за отписване Код за изгубен артикул Източник на класификационната схема Код за повреда Коз за рестрикции Код за отдаване Артикулен № Име на библиотеката - собственик Име на библиотеката, в която се намира в момента Статус (Текущо местоположение) Дата на вписване в системата Местоположение - отдел Цена в лева Инвентарен номер Систематично азбучна сигнатура Баркод Цена в евро Служебен тип на артикула
  Не е изгубен Universal Decimal Classification Не е повреден само за читалня Специални фондове ( старопечатни, редки и ценни, фонд М. Арнаудов) 804518 Регионална библиотека "Любен Каравелов" Русе Регионална библиотека "Любен Каравелов" Русе Редки и ценни 2020-11-03 Редки и ценни 1.36 13977-ІІ Рф 887 900000037840 0.70 Книги
Vip Innovations Ltd, Rousse, Bulgaria 2025